Deutsche Youtuber mit 1mio Abos - Sudden Death - Statistiken

Allgemein
  • Dieses Quiz wurde 5.233 mal gespielt
  • Das Durchschnittsergebnis liegt bei 5 aus 15
Answers on the Grid
Answers color-coded by a green-red scale on the quiz's grid according to % correct below.
Papaplatte
MontanaBlack
inscope21
BibisBeautyPalace
Fritz Meinecke
HeyMoritz
Leeroy will's wissen!
maudado
Nahim Sky
Phil Laude
rezo
Taddl
SparkofPhoenix
ungespielt
KuchenTV
Falco
Fynn Kliemann
HerrNewstime
HoneyPuu
Exsl95
zarbex
2Bough
AbuGoku
Rohat
justin
MarmeladenOma
MckyTV
Marius Angeschrien
SkylineTV
Reved
 
Antwortstatistiken
Antwort % Korrekt
MontanaBlack
65%
Papaplatte
59%
BibisBeautyPalace
56%
rezo
51%
ungespielt
44%
inscope21
41%
Fritz Meinecke
32%
KuchenTV
28%
HeyMoritz
27%
Leeroy will's wissen!
25%
Phil Laude
25%
Nahim Sky
24%
Taddl
19%
maudado
17%
SparkofPhoenix
15%
Keine übereinstimmenden Quizze gefunden
Verteilung der Resultate
Anzahl Personen mit jedem Resultat
Perzentil nach korrekt beantworteten Fragen
Ihre Resultats-Entwicklung
Sie haben dieses Quiz noch nicht gespielt